Loading...
Beliefs | 3 | 4 | 0 | 1 | 85 | 41 | 88.00 | 4 | 7 |
Social Science | 0 | 4 | 1 | 0 | 35 | 79 | 96.00 | 4 | 4 |
Literature - European Literature | 1 | 1 | 0 | 1 | 25 | 46 | 68.50 | 1 | 2 |
Literature - British Literature | 1 | 1 | 1 | 0 | 20 | 60 | 84.00 | 1 | 2 |
Other Science: Earth Science | 0 | 2 | 0 | 0 | 20 | 132 | 141.50 | 1 | 2 |
Other Arts: Visual | 0 | 2 | 0 | 0 | 20 | 86 | 104.50 | 1 | 2 |
World and Other Literature | 1 | 0 | 0 | 0 | 15 | 69 | 69.00 | 1 | 1 |
Literature - American Literature | 1 | 0 | 0 | 0 | 15 | 73 | 73.00 | 0 | 1 |
Philosophy | 0 | 2 | 1 | 2 | 15 | 95 | 101.00 | 1 | 2 |
British and Commonwealth History | 0 | 1 | 0 | 0 | 10 | 107 | 107.00 | 0 | 1 |
Fine Arts - Visual Fine Arts | 0 | 1 | 0 | 0 | 10 | 88 | 88.00 | 0 | 1 |
Current Events | 0 | 1 | 0 | 0 | 10 | 78 | 78.00 | 1 | 1 |
Other Science: Math | 0 | 1 | 0 | 0 | 10 | 86 | 86.00 | 0 | 1 |
Geography | 0 | 1 | 0 | 0 | 10 | 124 | 124.00 | 0 | 1 |
Other Arts: Auditory | 0 | 1 | 0 | 0 | 10 | 97 | 97.00 | 0 | 1 |
Fine Arts - Auditory Fine Arts | 0 | 1 | 0 | 1 | 10 | 83 | 83.00 | 0 | 1 |
Other Science: Computer Science | 0 | 1 | 0 | 1 | 10 | 127 | 127.00 | 0 | 1 |
Ancient History and Archaeology | 0 | 1 | 1 | 0 | 5 | 108 | 108.00 | 0 | 1 |
History - American History | 0 | 0 | 1 | 0 | -5 | 0.00 | 0 | 0 | |
Other Academic | 0 | 0 | 2 | 0 | -10 | 0.00 | 0 | 0 |